000 01224nam a22002417a 4500
999 _c62451
_d62451
003 Ge_BSU
005 20241107164819.0
008 241107s2005 ge ||||| |||| 00| 0 geo d
020 _a9992843934
041 _ageo
080 _a616.411-001.5-089 ჩ-79
100 _aჩომახაშვილი, ზურაბ.
_96881
245 _aელენთის ტრავმა :
_bკლინიკა, დიაგნოსტიკა, მკურნალობა /
_cზურაბ ჩომახაშვილი,გივი ცეცხლაძე,აკაკი ბერიძე; რედ. დიმიტრი კორძაია
264 _aბათუმი :
_b ალიონი,
_c 2005.
300 _a200გვ. :
_bცხრ., სურ., გრაფ., დიაგრ. ;
_c20სმ.
504 _aბიბლიოგრ.: გვ. 175-198.
653 _aელენთის ტრავმები.
653 _aმედიცინა
700 _aცეცხლაძე, გივი
_96885
700 _a ბერიძე, აკაკი
_923644
700 _aკორძაია, დიმიტრი
_eრედაქტორი
_97284
942 _2udc
_cBK